Normal view
MARC view
- Iqbal, Mian Muhammad Waseem
Entry Personal Name
001 - CONTROL NUMBER
- control field: 124448
003 - CONTROL NUMBER IDENTIFIER
- control field: NUST
005 - DATE AND TIME OF LATEST TRANSACTION
- control field: 20240711145434.0
008 - FIXED-LENGTH DATA ELEMENTS
- fixed length control field: 240711|| aca||aabn | a|a d
040 ## - CATALOGING SOURCE
- Original cataloging agency: NUST
- Transcribing agency: NUST
100 ## - HEADING--PERSONAL NAME
- Personal name: Iqbal, Mian Muhammad Waseem
670 ## - SOURCE DATA FOUND
- Source citation: Work cat.: (NUST): Iqbal, Mian Muhammad Waseem , Securing Iot-Based Smart Systems using SDSEC/
